Financial Markets and Corporate Strategy (Record no. 1900)

MARC details
000 -LEADER
fixed length control field 00449nam a22001697a 4500
005 - DATE AND TIME OF LATEST TRANSACTION
control field 20180305120137.0
008 - FIXED-LENGTH DATA ELEMENTS--GENERAL INFORMATION
fixed length control field 160527b xxu||||| |||| 00| 0 eng d
020 ## - INTERNATIONAL STANDARD BOOK NUMBER
ISBN 0-07-054088-8
041 ## - LANGUAGE CODE
Language code of text/sound track or separate title eng
082 ## - DEWEY DECIMAL CLASSIFICATION NUMBER
Item number 5366
Classification number 332
100 ## - MAIN ENTRY--AUTHOR NAME
Personal name Grinblott, Mark & Titman Sheridan
245 ## - TITLE STATEMENT
Title Financial Markets and Corporate Strategy
260 ## - PUBLICATION, DISTRIBUTION, ETC. (IMPRINT)
Place of publication New Delhi
Name of publisher Academic Faundation
Year of publication 2004
300 ## - PHYSICAL DESCRIPTION
Number of Pages 854
650 ## - SUBJECT ADDED ENTRY--TOPICAL TERM
Topical Term Management
942 ## - ADDED ENTRY ELEMENTS (KOHA)
Koha item type Books
Holdings
Lost status Damaged status Collection code Home library Current library Shelving location Date acquired Cost, normal purchase price Full call number Accession Number Koha item type
    MANAGEMENT JRU Library JRU Library SHELF- 67 K 27/05/2016 425.00 332 5366 Books